000
00276nam a22001217a 4500
008
180921b xxu||||| |||| 00| 0 eng d
041
_a
eng
080
_2
5th
_a
616-053.2
100
_a
8
101
_a
PED
245
_a
Essentials of Pediatrics
_c
Kliegman,R.M
942
_2
udc
_c
BK
999
_c
48191
_d
48191